000 00595nam a22001937a 4500
005 20251108170050.0
008 250721s1999 xx 000 0 ara d
082 1 4 _aط/004/عطا
100 1 _aعطار، فراس أبو الجود
245 1 0 _aمواضيع متقدمة في يندوز 98 /
264 1 _aحلب :
_bدار القلم العربي،
_c1999.
300 _a16ص
490 0 _aالمجموعة العلمية للصغار ؛16
650 1 7 _aالحواسيب
650 1 7 _aعلم الحاسوب
700 1 _aقاطرجي، محمد
942 _2ddc
_cBK
999 _c38814
_d38814